000 nam a22 7a 4500
999 _c234266
_d234266
003 Nust
005 20170316161439.0
008 170316b xxu||||| |||| 00| 0 eng d
020 _a0
040 _c0
082 _a302.3 VEC
100 _aVecchio,Robert p.
245 _aOrganisational Behaviour
_cRobert P.Vecchio
250 _a2nd ed.
260 _aIslamabad
_bRoohani Art NBF
_c2000
300 _a874 p.
500 _aH.B
942 _2ddc
_cBK
_k302.3 VEC